00468 2200193 4500245004300000020002200043250001100065100002100076700001100097700001000108650001700118005001900135260004100154041001400195084001300209300003200222336000900254338001100263 aCode Breaker 2cKamijyo, AkiminehText a978-602-00-3222-1 aCet. 1 aKamijyo, Akimine aFaizal aAri N aKomik Jepang a20230131103115 aJakartabElex Media Komputindoc2012 aIndonesia a741.5592 a... jil. :bilus. ;c17 cm. atext avolume